Southville International School and Colleges
Your cart is empty.
  • Cart
  • Lists
    Public lists Eva Luna New books Lux_list list_1
    Your lists Log in to create your own lists
  • Log in to your account
  • Your cookies
  • Search history
Southville International School and Colleges
  • Advanced search
  • Recent comments
  • Most popular
  • Libraries

Log in to your account

Log in with GOOGLE


If you do not have an external account, but do have a local account, you can still log in:

  1. Home
  2. MARC view: Greek & Roman mythology /
Normal view MARC view ISBD view

Greek & Roman mythology / (Record no. 10628)

[ view plain ]
MARC details
000 -LEADER
fixed length control field 00507nam a22001817a 4500
003 - CONTROL NUMBER IDENTIFIER
control field OSt
005 - DATE AND TIME OF LATEST TRANSACTION
control field 20140310182217.0
008 - FIXED-LENGTH DATA ELEMENTS--GENERAL INFORMATION
fixed length control field 130907t xxu||||| |||| 00| 0 eng d
050 ## - LIBRARY OF CONGRESS CALL NUMBER
Classification number BL 725
Item number .C853 1997
082 ## - DEWEY DECIMAL CLASSIFICATION NUMBER
Classification number HS 292.211
Item number C83 1997
100 ## - MAIN ENTRY--PERSONAL NAME
Personal name Couch, Malcolm
9 (RLIN) 16199
245 ## - TITLE STATEMENT
Title Greek & Roman mythology /
Statement of responsibility, etc Malcolm Couch.
260 ## - PUBLICATION, DISTRIBUTION, ETC. (IMPRINT)
Place of publication, distribution, etc London :
Name of publisher, distributor, etc Tiger Books,
Date of publication, distribution, etc c1997.
300 ## - PHYSICAL DESCRIPTION
Extent 128 p. ;
Other physical details ill col. ;
Dimensions 30 cm.
650 ## - SUBJECT ADDED ENTRY--TOPICAL TERM
Topical term or geographic name as entry element Mythology, Classical
9 (RLIN) 17133
942 ## - ADDED ENTRY ELEMENTS (KOHA)
Source of classification or shelving scheme Library of Congress Classification
Koha item type
Holdings
Withdrawn status Lost status Source of classification or shelving scheme Damaged status Home library Current library Shelving location Date acquired Total Checkouts Full call number Barcode Date last seen Date checked out Copy number Price effective from Koha item type
    Library of Congress Classification   Luxembourg Library Luxembourg Library High School Section 09/07/2013 1 BL 725 .C853 1997 7433 09/28/2018 09/19/2018 1 09/07/2013 Books

Greek & Roman mythology /

APA

Couch M., . (1997). Greek & Roman mythology. London: Tiger Books.

Chicago

Couch Malcolm, . 1997. Greek & Roman mythology. London: Tiger Books.

Harvard

Couch M., . (1997). Greek & Roman mythology. London: Tiger Books.

MLA

Couch Malcolm, . Greek & Roman mythology. London: Tiger Books. 1997.

  • Place hold
  • Print
  • Cite
  • Add to your cart (remove)
  • Save record
    BIBTEX Dublin Core MARCXML MARC (non-Unicode/MARC-8) MARC (Unicode/UTF-8) MARC (Unicode/UTF-8, Standard) MODS (XML) RIS
  • More searches
    Search for this title in:
    Other Libraries (WorldCat) Other Databases (Google Scholar) Online Stores (Bookfinder.com) Open Library (openlibrary.org)

Exporting to Dublin Core...

SOUTHVILLE LIBRARY

Southville International School and Colleges Library

1281 Tropical Ave. Cor. Luxembourg St., BF Homes International, Las Pinas City

Tel. No. 8256374 / 252358 Loc. 117/146

Powered by Koha